00477 2200169 4500001002100000008004100021035002000062245005200082100002400134260004900158300001200207020002200219084001400241082000800255650002600263990001800289INLIS000000000000823 ind  a0010-0724000823 aRagam Kata Bahasa IndonesiacHesti Puji Rastuti aRastuti, Puji Hesti aSurabaya :bPT. JePe Press Media Utamac2009 a52 hlm. a979-602-8567-91-6 a415 HES r a415 aTata Bahasa Indonesia aP29/CP/24/823